000 00353pab a2200157 454500
008 180718b2004 xxu||||| |||| 00| 0 eng d
100 _aMungekar, Bhalchandra
245 _aMy vision of India: 2047 AD
260 _c2004
300 _ap.37-43.
362 _a24 Jan
650 _aIndia
650 _aCulture
773 _aMainstrean
909 _a59372
999 _c59372
_d59372